00298nam a22001097a 4500008004100000082001700041100002500058245004300083260003300126300000900159440002000168230621b xxu||||| |||| 00| 0 eng d a328.052bJLS cLord Norton of Louth aThe Journal of the legislative studies bTaylor & Francis Groupc2005 a141p n1v11x13572334